000 00808nam a2200229 a 4500
001 000039590
005 20240530073922.0
008 130708s2012 dr 001 f spa d
020 _a9789945404814
040 _aDO-SdBNP
_bspa
_cBNPHU
082 _aRD863.5
_bR696i
100 1 _aRodríguez, Yaina Melisa,
_d1990-
_965754
245 1 0 _aInsomnio /
_cYaina Melisa Rodríguez.
260 _aSanto Domingo :
_bEdiciones de Cultura,
_c2012.
300 _a90 p. ;
_c24 cm.
500 _aIncluye datos biográficos de la autora en la solapa de la cubierta.
500 _aA la cabeza de la portada: Sistema Nacional de Creación Literaria (SINACREA)
590 _aInventariado, 2019/VM
650 0 _aNovela dominicana
_9223
650 0 _aLiteratura dominicana.
_967
910 _aValidado. Control de calidad EMS
999 _c39080
_d39080